Normal view
MARC view
- Fitchen, Franklin C
Entry Personal Name
001 - CONTROL NUMBER
- control field: 6880
003 - CONTROL NUMBER IDENTIFIER
- control field: OSt
005 - DATE AND TIME OF LATEST TRANSACTION
- control field: 20250108160247.0
008 - FIXED-LENGTH DATA ELEMENTS
- fixed length control field: 250108|| aca||aabn | a|a d
040 ## - CATALOGING SOURCE
- Original cataloging agency: OSt
- Transcribing agency: OSt
100 ## - HEADING--PERSONAL NAME
- Personal name: Fitchen, Franklin C
670 ## - SOURCE DATA FOUND
- Source citation: Work cat.: (OSt)6021: Fitchen, Franklin C ., Transistor circuit analysis and design / , 1973.
